[Event "Mittelrhein Verbandsliga-W 17/18"]
[Site "Nordrheinwestfalen"]
[Date "2017.10.22"]
[Round "3.8"]
[White "Freialdenhoven, Manfred"]
[Black "Kaluza, Josef"]
[Result "1/2-1/2"]
[WhiteElo "1742"]
[BlackElo "1973"]
[PlyCount "44"]
[EventDate "2017.09.10"]
[EventType "team-tourn"]
[EventRounds "11"]
[EventCountry "GER"]
[SourceTitle "EXT 2022"]
[Source "ChessBase"]
[SourceDate "2021.10.06"]
[SourceVersion "1"]
[SourceVersionDate "2021.10.06"]
[SourceQuality "1"]
[WhiteTeam "Pulheim"]
[BlackTeam "Eschweiler SC"]
[WhiteTeamCountry "GER"]
[BlackTeamCountry "GER"]

1. e4 b6 2. d4 Bb7 3. Bd3 e6 4. Nf3 Nf6 5. Qe2 c5 6. 0-0 cxd4 7. Nxd4 Nc6 8. Nxc6 Bxc6 9. Nc3 Qc7 10. Re1 Bc5 11. h3 Rd8 12. e5 Nd5 13. Nxd5 Bxd5 14. Bg5 Rc8 15. Ba6 Rb8 16. Bb5 h6 17. Bd2 Qb7 18. Qg4 g6 19. Bd3 g5 20. Be4 b5 21. Qf3 Bxe4 22. Qxe4 Qxe4 1/2-1/2

[Event "Oberliga NRW 9798 I"]
[Site "Germany"]
[Date "1997.??.??"]
[Round "2.8"]
[White "Kaluza, Josef"]
[Black "Schulte, Norbert"]
[Result "0-1"]
[WhiteElo "2056"]
[BlackElo "2100"]
[PlyCount "88"]
[EventDate "1997.10.??"]
[EventType "team"]
[EventRounds "9"]
[EventCountry "GER"]
[SourceTitle "EXT 1999"]
[Source "ChessBase"]
[SourceDate "1998.11.16"]
[SourceVersion "1"]
[SourceVersionDate "1998.11.16"]
[SourceQuality "1"]
[WhiteTeam "Aachen"]
[BlackTeam "Siegen"]
[WhiteTeamCountry "GER"]
[BlackTeamCountry "GER"]

1. Nf3 Nf6 2. g3 g6 3. Bg2 Bg7 4. 0-0 0-0 5. c4 d6 6. Nc3 Nc6 7. d3 Bd7 8. Rb1 Qc8 9. Bg5 Kh8 10. Qd2 Ng8 11. e4 e5 12. Nd5 h6 13. Be3 Nd4 14. Kh1 c6 15. Nc3 Bh3 16. Bxd4 exd4 17. Ne2 Bxg2+ 18. Kxg2 c5 19. Nf4 Ne7 20. Rbe1 g5 21. Nh5 Ng6 22. h3 f5 23. Nxg7 Kxg7 24. e5 g4 25. hxg4 fxg4 26. Nh2 Nxe5 27. Re4 Qf5 28. Qe2 h5 29. f3 gxf3+ 30. Nxf3 Nxf3 31. Re7+ Kg8 32. Rxf3 Qxf3+ 33. Qxf3 Rxf3 34. Kxf3 Rf8+ 35. Kg2 Rf7 36. Re6 Rd7 37. Rh6 d5 38. Rxh5 dxc4 39. Rxc5 cxd3 40. Kf2 Re7 41. Rd5 Re4 42. Kf3 d2 43. Kxe4 d1Q 44. Rxd4 Qe2+ 0-1

[Event "Oberliga NRW 8990 I"]
[Site "Germany"]
[Date "1990.??.??"]
[Round "4"]
[White "Kaluza, Josef"]
[Black "Wagenknecht, Uwe"]
[Result "0-1"]
[WhiteElo "1920"]
[BlackElo "2085"]
[PlyCount "66"]
[EventDate "1989.10.??"]
[EventType "team"]
[EventRounds "9"]
[EventCountry "GER"]
[SourceTitle "EXT 1997"]
[Source "ChessBase"]
[SourceDate "1996.11.15"]
[SourceVersion "1"]
[SourceVersionDate "1996.11.15"]
[SourceQuality "1"]
[WhiteTeam "Stolberg"]
[BlackTeam "Elberfeld"]
[WhiteTeamCountry "GER"]
[BlackTeamCountry "GER"]

1. d4 e6 2. Nf3 b6 3. e4 Bb7 4. Bd3 Nf6 5. Bg5 h6 6. Bxf6 Qxf6 7. Nbd2 d6 8. Qe2 g6 9. e5 Qe7 10. Ne4 Bg7 11. c3 Nd7 12. exd6 cxd6 13. h4 e5 14. dxe5 dxe5 15. 0-0-0 0-0-0 16. Ba6 Bxa6 17. Qxa6+ Kb8 18. Qe2 f5 19. Nd6 Nc5 20. Nc4 e4 21. Nd4 Qc7 22. Na3 Bxd4 23. cxd4 Nd3+ 24. Kb1 Qf4 25. f3 Rxd4 26. Nc2 Rdd8 27. Rhf1 Rhe8 28. fxe4 Qxe4 29. Qxe4 fxe4 30. Ne3 Rf8 31. a3 Kc7 32. Nd5+ Kc6 33. Nf6 e3 0-1

[Event "Oberliga NRW 8990 I"]
[Site "Germany"]
[Date "1990.??.??"]
[Round "4"]
[White "Schubert, D."]
[Black "Kaluza, Josef"]
[Result "0-1"]
[WhiteElo "2080"]
[BlackElo "1920"]
[PlyCount "68"]
[EventDate "1989.10.??"]
[EventType "team"]
[EventRounds "9"]
[EventCountry "GER"]
[SourceTitle "EXT 1997"]
[Source "ChessBase"]
[SourceDate "1996.11.15"]
[SourceVersion "1"]
[SourceVersionDate "1996.11.15"]
[SourceQuality "1"]
[WhiteTeam "Duisburg"]
[BlackTeam "Stolberg"]
[WhiteTeamCountry "GER"]
[BlackTeamCountry "GER"]

1. c4 e6 2. Nc3 d5 3. d4 Nf6 4. Bg5 Be7 5. cxd5 exd5 6. e3 Nbd7 7. Qc2 c6 8. Bd3 Nf8 9. Nge2 Ne6 10. Bh4 g6 11. 0-0 0-0 12. h3 Nh5 13. Bxe7 Qxe7 14. Kh2 f5 15. Rae1 Ng5 16. f4 Ne4 17. Bxe4 fxe4 18. Ng1 Rf7 19. Qf2 Be6 20. g4 Ng7 21. Nge2 h5 22. gxh5 Nxh5 23. Rg1 Bf5 24. Rg5 Rh7 25. Reg1 Ng7 26. R1g3 Rf8 27. Qg2 Ne6 28. Rxf5 Rxf5 29. Rxg6+ Rg7 30. Qg4 Rf6 31. Rxg7+ Qxg7 32. f5 Ng5 33. Ng3 Rh6 34. Nh5 Rxh5 0-1

[Event "Oberliga NRW 8990 I"]
[Site "Germany"]
[Date "1990.??.??"]
[Round "3"]
[White "Sting, T."]
[Black "Kaluza, Josef"]
[Result "0-1"]
[WhiteElo "1910"]
[BlackElo "1920"]
[PlyCount "64"]
[EventDate "1989.10.??"]
[EventType "team"]
[EventRounds "9"]
[EventCountry "GER"]
[SourceTitle "EXT 1997"]
[Source "ChessBase"]
[SourceDate "1996.11.15"]
[SourceVersion "1"]
[SourceVersionDate "1996.11.15"]
[SourceQuality "1"]
[WhiteTeam "Siegen"]
[BlackTeam "Stolberg"]
[WhiteTeamCountry "GER"]
[BlackTeamCountry "GER"]

1. e4 e6 2. c4 d5 3. exd5 exd5 4. d4 Nf6 5. Nf3 c6 6. Nc3 Be7 7. cxd5 Nxd5 8. Bd3 Be6 9. 0-0 Nd7 10. Ne4 h6 11. a3 a5 12. Qc2 N5f6 13. Nc5 Nxc5 14. dxc5 a4 15. Bc4 Bxc4 16. Qxc4 0-0 17. Be3 Nd5 18. Bd4 Bf6 19. Rab1 Re8 20. Rfe1 Qa5 21. Bxf6 Nxf6 22. Re5 Nd7 23. Rf5 Re7 24. Rd1 Rae8 25. h3 Nb6 26. Qh4 Nd5 27. Rc1 Qb5 28. Rc4 Qxb2 29. Rg4 Qb1+ 30. Kh2 Qxf5 31. Qg3 Qf6 32. Nh4 Re4 0-1

[Event "Oberliga NRW 8990 I"]
[Site "Germany"]
[Date "1989.??.??"]
[Round "3"]
[White "Bloecker, Detlef"]
[Black "Kaluza, Josef"]
[Result "1-0"]
[WhiteElo "2095"]
[BlackElo "1920"]
[PlyCount "67"]
[EventDate "1989.10.??"]
[EventType "team"]
[EventRounds "9"]
[EventCountry "GER"]
[SourceTitle "EXT 1997"]
[Source "ChessBase"]
[SourceDate "1996.11.15"]
[SourceVersion "1"]
[SourceVersionDate "1996.11.15"]
[SourceQuality "1"]
[WhiteTeam "Lengerich"]
[BlackTeam "Stolberg"]
[WhiteTeamCountry "GER"]
[BlackTeamCountry "GER"]

1. d4 e6 2. Nf3 Nf6 3. g3 Be7 4. Bg2 0-0 5. 0-0 d5 6. b3 Nbd7 7. Bb2 Ne4 8. c4 b6 9. Nbd2 Ndf6 10. Ne5 Bb7 11. Rc1 c5 12. cxd5 exd5 13. Ndf3 Rc8 14. a3 b5 15. dxc5 Bxc5 16. b4 Bb6 17. Nd4 Nd6 18. Rxc8 Qxc8 19. Qa1 Nfe4 20. Nd3 f6 21. Nf4 Nc4 22. Bh3 Qe8 23. Nde6 Nxf2 24. Rxf2 Bxf2+ 25. Kxf2 g5 26. Bd4 gxf4 27. gxf4 Kf7 28. Bg4 Rg8 29. Bh5+ Rg6 30. f5 Bc8 31. Qg1 Bxe6 32. fxg6+ Ke7 33. gxh7 Qh8 34. Qg6 1-0

[Event "Oberliga NRW 8889 I"]
[Site "Germany"]
[Date "1989.??.??"]
[Round "3"]
[White "Kaluza, Josef"]
[Black "Daverkausen, Bernd"]
[Result "0-1"]
[WhiteElo "1980"]
[BlackElo "2085"]
[PlyCount "149"]
[EventDate "1988.10.??"]
[EventType "team"]
[EventRounds "9"]
[EventCountry "GER"]
[SourceTitle "EXT 1997"]
[Source "ChessBase"]
[SourceDate "1996.11.15"]
[SourceVersion "1"]
[SourceVersionDate "1996.11.15"]
[SourceQuality "1"]
[WhiteTeam "Stolberg"]
[BlackTeam "Koeln KKS"]
[WhiteTeamCountry "GER"]
[BlackTeamCountry "GER"]

1. d4 Nf6 2. Nf3 g6 3. Bf4 Bg7 4. e3 0-0 5. h3 d6 6. Be2 c5 7. c3 b6 8. 0-0 Nbd7 9. a4 Bb7 10. Bh2 Re8 11. Na3 a6 12. Nd2 d5 13. f4 Rf8 14. Nc2 Ne8 15. Bf3 Nd6 16. Ne1 e6 17. Nd3 f6 18. a5 c4 19. Nf2 f5 20. b4 cxb3 21. Qxb3 b5 22. Qb4 Qc7 23. Nd3 Rfc8 24. Rfc1 Bf8 25. Qb2 Bc6 26. Nb3 Nc4 27. Qe2 Nf6 28. g4 Ne4 29. h4 Be8 30. Ne1 Ncd6 31. gxf5 gxf5 32. Bxe4 Nxe4 33. Nd3 Qe7 34. Nbc5 Qxh4 35. Nxe6 Bh5 36. Qg2+ Bg4 37. Ne5 Bd6 38. Rc2 h5 39. Ng5 Kg7 40. Nef3 Bxf3 41. Qxf3 Qg4+ 42. Qxg4 hxg4 43. Nxe4 dxe4 44. c4 Rxc4 45. Rxc4 bxc4 46. Kf1 Rb8 47. Rc1 Rb4 48. Bg3 Kf7 49. Be1 Ra4 50. Rb1 Ke7 51. Rb6 Ra1 52. Ke2 Ra2+ 53. Kd1 Ra1+ 54. Ke2 Ra2+ 55. Kf1 Kd7 56. Rxa6 g3 57. Ra7+ Bc7 58. Bxg3 c3 59. Be1 c2 60. Bd2 Ra1+ 61. Ke2 c1Q 62. Bxc1 Rxc1 63. a6 Rc2+ 64. Kd1 Ra2 65. Ra8 Bd6 66. Ke1 Kc6 67. Kd1 Kb5 68. a7 Kc4 69. Rc8+ Kd3 70. a8Q Rxa8 71. Rxa8 Kxe3 72. Ra6 Bxf4 73. d5 Kf3 74. Ra2 e3 75. Ke1 0-1